000
00323nam a2200145Ia 4500
100
_a
Mc Cune/ William
942
_c
BK
654
_a
Computer
245
_a
Lectures Notes in Artificial Intel (1249)
260
_b
Springer
_a
New Delhi
_c
1997
082
_a
6.3
_b
MCC
300
_a
462
546
_a
ENGLISH
999
_c
26962
_d
26962